Algebraic and stochastic coding theory / (رقم التسجيلة. 31411)
[ عرض عادي ]
| 000 -الفاتح | |
|---|---|
| حقل البيانات ثابتة الطول | 02843cam a22003254a 4500 |
| 001 - رقم الضبط | |
| رقم الضبط | 17115458 |
| 003 - محدد رقم الضبط | |
| رقم الضبط | OSt |
| 005 - وقت وتاريخ اخر تعامل مع التسجيلة | |
| رقم الضبط | 20150408114144.0 |
| 008 - عناصر البيانات ثابتة الطول - معلومات عامة | |
| حقل البيانات ثابتة الطول | 131022s2012 flua b 001 0 eng |
| 010 ## - رقم ضبط مكتبة الكونجرس | |
| رقم ضبط مكتبة الكونجرس | 2011050830 |
| 016 7# - رقم ضبط الوكاله الوطنية للضبط الببليوجرافي | |
| رقم ضبط التسجيلة | 015955998 |
| المصدر | Uk |
| 020 ## - الرقم الدولى المعيارى للكتب | |
| الرقم الدولى المعيارى للكتاب | 9781439881811 (hardback : acidfree paper) |
| 020 ## - الرقم الدولى المعيارى للكتب | |
| الرقم الدولى المعيارى للكتاب | 1439881812 (hardback : acidfree paper) |
| 035 ## - رقم ضبط النظام | |
| رقم ضبط النظام | (OCoLC)ocn727702576 |
| 040 ## - مصدر الفهرسة | |
| وكالة الفهرسة الأصلية | DLC |
| لغة الفهرسة | eng |
| وكالة النسخ | DLC |
| وكالة التعديل | YDX |
| -- | BTCTA |
| -- | UKMGB |
| -- | YDXCP |
| -- | DLC |
| 042 ## - رمز التحقق | |
| رمز التحقق | pcc |
| 082 00 - رقم تصنيف ديوى العشرى | |
| رقم التصنيف | 003.54 |
| رقم المادة | KDA |
| رقم الطبعة | 22 |
| 100 1# - المدخل الرئيسى - إسم شخصى | |
| الإسم الشخصى | Kythe, Dave K. |
| 9 (RLIN) | 38119 |
| 245 10 - بيان العنوان | |
| العنوان | Algebraic and stochastic coding theory / |
| بيان المسئوليه,etc | Dave K. Kythe, Prem K. Kythe. |
| 260 ## - PUBLICATION, DISTRIBUTION, ETC. (IMPRINT) | |
| مكان الناشر او الموزع | Boca Raton, FL : |
| اسم الناشر او الموزع | CRC Press, |
| تاريخ النشر أو التوزيع | c2012. |
| 300 ## - الوصف المادى | |
| التعداد | xxiv, 488 p. : |
| تفاصيل ماديه اخرى للوعاء | ill. ; |
| أبعاد الوعاء | 25 cm. |
| 504 ## - تبصرة ببليوجرافية | |
| تبصرة ببليوجرافية,الخ | Includes bibliographical references and index. |
| 520 ## - التبصرة الخاصة بالتعليق أو التلخيص | |
| ملخص,الخ | "Preface The purpose of writing this book is primarily to make the subject of coding theory easy for the starting senior or graduate student who possesses a thorough understanding of digital arithmetic, Boolean and modern algebra, and probability theory. In fact, any reader with these basic prerequisites will find this book interesting and useful. The contents cover the technical topics as well as material of general interest. This book explains many important technical features that have permeated the scientific and social culture of our time. The book just does not stop there. It takes the advanced readers, who have a good understanding of probability theory, stochastic analysis, and distributions, to recent theoretical developments in coding theory and shows them the limitations that the current research on the subject still imposes. For example, there still exist the following unanswered questions: What kind of overhead factor can we expect for large and small values of coding blocks? Are the different types of recent codes equivalent or do they perform differently? How do the published distributions fare in producing good codes for finite number of blocks? Is there a significant random variation in code generation for the given probability distributions? In addition, there are patent issues which deal with more efficient hardware and the expectation of the current advancement on the internet and data storage. As one can see from the above description and the table of contents, the book does not deal with any aspect of cryptography as this subject justifies a separate book, although certain rules used in this book are still useful in cryptography. What are the key benefits of this book for the readers?"-- |
| 650 #0 - المدخل الاضافى بالموضوع-مصطلح موضوعى | |
| مصطلح موضوعي أو اسم جغرافي كعنصر مدخل | Coding theory. |
| 650 #0 - المدخل الاضافى بالموضوع-مصطلح موضوعى | |
| مصطلح موضوعي أو اسم جغرافي كعنصر مدخل | Stochastic analysis. |
| 9 (RLIN) | 19220 |
| 700 1# - المدخل الاضافى - اسم شخصى | |
| الإسم الشخصى | Kythe, Prem K. |
| 9 (RLIN) | 38120 |
| 906 ## - عنصر بيانات محلى F, LDF (RLIN) | |
| a | 7 |
| b | cbc |
| c | orignew |
| d | 1 |
| e | ecip |
| f | 20 |
| g | y-gencatlg |
| 942 ## - عناصر المدخل الإضافي( كوها) | |
| مصدر التصنيف او مخطط الترفيف | Dewey Decimal Classification |
| Koha [default] item type | كتاب |
| حالة الفقد | نموذج السعر الفعال | حالة تلف | ليس للاعارة | رقم الطلب | رقم النسخة | تاريخ الاكتساب | الموقع الحالي | الباركود | الفرع الرئيسي | Date last seen | نوع المادة فى نظام كوها | مصدر التصنيف او خطة الترفيف | Total Checkouts | Date last checked out |
|---|---|---|---|---|---|---|---|---|---|---|---|---|---|---|
| 2013-10-22 | Not For Loan | 003.54 KDA | 1 | 2013-10-22 | المكتبة المركزية بالمجمعة (CL) | 00207030 | المكتبة المركزية بالمجمعة (CL) | 2013-10-22 | كتاب | Dewey Decimal Classification | ||||
| 2013-10-22 | 003.54 KDA | 2 | 2013-10-22 | المكتبة المركزية بالمجمعة (CL) | 00207029 | المكتبة المركزية بالمجمعة (CL) | 2013-10-22 | كتاب | Dewey Decimal Classification | |||||
| 2013-10-22 | 003.54 KDA | 3 | 2013-10-22 | المكتبة المركزية بالمجمعة (CL) | 00207028 | المكتبة المركزية بالمجمعة (CL) | 2017-02-23 | كتاب | Dewey Decimal Classification | 1 | 2017-02-16 | |||
| 2013-10-22 | Not For Loan | 003.54 KDA | 1 | 2013-10-22 | مكتبة مجمع الكليات بالزلفى - طلاب (SZM) | 00207027 | مكتبة مجمع الكليات بالزلفى - طلاب (SZM) | 2013-10-22 | كتاب | Dewey Decimal Classification | ||||
| 2013-10-22 | 003.54 KDA | 2 | 2013-10-22 | مكتبة مجمع الكليات بالزلفى - طلاب (SZM) | 00207026 | مكتبة مجمع الكليات بالزلفى - طلاب (SZM) | 2013-10-22 | كتاب | Dewey Decimal Classification |
